|
|
|
|
| LEADER |
01198nam a2200265 a 4500 |
| 003 |
GR-PaULI |
| 005 |
20210420143131.0 |
| 008 |
021213s2003 flua b 001 0 eng d |
| 952 |
|
|
|0 0
|1 0
|2 ddc
|4 0
|6 597_963000000000000_MAL
|7 0
|9 229404
|a LISA
|b LISA
|c BSC
|d 2019-01-23
|i 14499
|l 0
|o 597.963 MAL
|p 027000001726
|r 2019-01-23 00:00:00
|t 1
|v 2019.00
|w 2019-01-23
|y BK15
|
| 999 |
|
|
|c 139275
|d 139275
|
| 020 |
|
|
|a 0894648772 (hbk.)
|
| 040 |
|
|
|a GR-PaULI
|b gre
|c GR-PaULI
|d GR-AiPI
|e AACR2
|
| 082 |
0 |
4 |
|a 597.963
|2 23
|
| 100 |
1 |
|
|a Mallow, David,
|d 1955-
|9 173390
|e συγγραφέας.
|
| 245 |
1 |
0 |
|a True vipers :
|b natural history and toxinology of old world vipers /
|c by David Mallow, David Ludwig, and Göran Nilson.
|
| 250 |
|
|
|a Original ed.
|
| 260 |
|
|
|a Malabar, Fla. :
|b Krieger Pub. Co.,
|c 2003.
|
| 300 |
|
|
|a xiv, 359 σ. :
|b έγχρ. εικ. ;
|c 24 εκ.
|
| 504 |
|
|
|a Περιλαμβάνει βιβλιογραφικές αναφορές (σ. 301-349).
|
| 650 |
|
4 |
|a Φίδια
|9 173393
|
| 650 |
|
4 |
|a Ερπετά
|9 173422
|
| 700 |
1 |
|
|a Ludwig, David,
|d 1953-
|9 173394
|e συγγραφέας.
|
| 700 |
1 |
|
|a Nilson, G.
|q (Göran)
|9 173395
|e συγγραφέας.
|
| 942 |
|
|
|2 ddc
|c BK15
|
| 998 |
|
|
|c ΜΙΧΟΣΤΑΥΡΟΥ
|d 2019-01
|